San Francisco de Asís

Сохранить в:
Библиографические подробности
Главный автор: Sarasola, Luis de (Автор)
Формат:
Язык:испанский
Опубликовано: Pamplona Librería de Aramburu 1929
Редактирование:1a. ed
Предметы:
Метки: Добавить метку
Нет меток, Требуется 1-ая метка записи!

MARC

LEADER 00000nam a2200000 a 4500
001 UCI5127
003 CL-VaPUC
008 080314e19290000SP |||||||||||||||||spa|d
082 0 4 |a 922.22  |b SAR  |2 21 
100 0 |a Sarasola, Luis de  |e author  |9 527230 
245 1 0 |a San Francisco de Asís 
250 |a 1a. ed 
300 |a 603 p 
942 |c BK 
945 |d 20080314 00:00:00  |a rbrito 
260 |a Pamplona  |b Librería de Aramburu  |c 1929 
500 |a Donación Padres Capuchinos 
600 0 7 |a SAN FRANCISCO DE ASIS  |2 CL-VaPUC  |9 342281 
650 0 |a Biografías  |9 255210 
650 7 |a SANTO  |2 CL-VaPUC  |9 526878 
650 0 |a Vida religiosa  |9 257284 
583 |a last modification  |c 20080314 00:00:00  |k Rodrigo Vera 
999 |c 328890  |d 328888 
952 |0 0  |1 0  |4 0  |6 922_220000000000000_SAR_1929  |7 0  |8 X  |9 413073  |a FDOBUD  |b FDOBUD  |d 2019-11-22  |i 441098K  |o 922.22 SAR 1929  |p 441098K  |r 2019-11-22  |w 2019-11-22  |y BK_X  |k BUD